Tilastot visalle Sanat - "Matkalaulu" - PMMP

Klikkaa tästä pelataksesi tätä visaa!

Yleistilastot

  • Tätä visaa on pelattu 338 kertaa
  • Keskiarvotulos 133 / 184

Vastaustilastot

Sanat% Oikein
matka
94%
on
94%
ja
92%
vaan
90%
ajetaan
87%
Ajetaan
87%
ettei
86%
Ettei
86%
hiljempaa
86%
että
85%
Että
85%
laulu
82%
loppuis
82%
ollenkaan
82%
Laula
81%
taas
81%
Toivon,
81%
jatkuu,
80%
jatkuu
80%
Kun
79%
vielä
79%
kertaa
78%
kolmatta
78%
Miraa
78%
mutta
78%
pissatti
78%
hätätilanne
77%
jossain
77%
oluen
77%
Pysähdytään
77%
Tytöt
77%
kyydissä
76%
Mikko
76%
ottanut
76%
Paula
76%
tuolla
76%
Kamat
75%
kuskina
75%
Mennään,
75%
riitaa
75%
ajaa?
74%
ajaa
74%
edessämme
73%
"Perillä"
73%
elämämme
72%
kahvi
72%
Kenen
72%
liikaa
72%
olla
72%
silloin
72%
silmät
72%
Koko
71%
päivä
71%
pullaa
71%
Tämä
71%
voi
71%
vuoro
71%
ihanin
70%
voi olla
70%
yhden
70%
yksi
70%
kasetin
69%
kuitenkin
69%
Otin
69%
Etupenkkipaikasta
68%
huoltoasemat
67%
meille
67%
Samat
66%
ummu
65%
Juholla
63%
ei
62%
Heikille
61%
Niin
51%
Mitä
50%
sitten
50%
aika
49%
meillä
49%
odottaa
49%
pelottaa
49%
iltaan
48%
joka
48%
joku,
48%
kotikin
48%
kuka
48%
kaikilla
47%
maisemaa,
47%
meidät
47%
täydellistä,
47%
siellä
46%
teen,
46%
teen?
46%
Eikä
44%
Avaan
43%
erilleen
43%
Pelkään,
43%
ikkunan
42%
kenenkin,
39%
sitä
39%
Toisilla
39%
ajatella
38%
Hengitän
37%
muista,
37%
Nyt
36%
sisään
36%
kukaan
35%
tahdokaan
35%

Tulosjakauma

Persentiili vastausten määrän mukaan

Jokaisen tuloksen saaneiden osuus

Tuloshistoriasi

Et ole pelannut tätä visaa